书目信息 |
| 书名: | A dictionary of everyday idioms | |
| 作者: | Martin H. Manser. | |
| 分册号: | ||
| 分册名: | 出版地: | London : |
|
| 出版社: | Macmillan Pr | |
| 出版时间: | 1983. | |
| 页数: | 219 p. | |
| 开本: | ||
| 丛书名: | ||
| 中图分类号: | ||
| 科图分类号: | ||
| 其他分类号: | H313-61 | |
| 主题词: | ||
| 电子资源: | ||
| 000 | 00480nam 22001817a 4500 | |
| 001 | E0738622289 | |
| 005 | 20070226104835.51 | |
| 008 | 030506 1983 enk d 00 0 eng d | |
| 020 | @a0333365291. | |
| 040 | @aNUL@cNUL | |
| 090 | @aJ683.7042/W8 | |
| 090 | @aH313-61 | |
| 099 | @dH313-61@ex12 | |
| 100 | 1 | @aManser, Martin H. |
| 245 | 12 | @aA dictionary of everyday idioms / @cMartin H. Manser. |
| 260 | @aLondon :@bMacmillan Pr.,@c1983. | |
| 300 | @a219 p. | |
| 920 | @a232010@z2 | |
| A dictionary of everyday idioms / / Martin H. Manser.-London : : Macmillan Pr., , 1983. |
| 219 p. |
| ISBN 0333365291. |
| ● |
| 相关链接 |
|
|
|
|
正题名:dictionary of everyday idioms
索取号:H313-61/x12
 
预约/预借
| 序号 | 登录号 | 条形码 | 馆藏地/架位号 | 状态 | 备注 |
| 1 | 180026 | 001299197 | 第二样本阅览室/ [索取号:H313-61/x12] | 在馆 | |
| 2 | 181024 | 001299188 | 第四借阅区/ [索取号:H313-61/x12] | 在馆 | |
| 3 | 181025 | 001299204 | 第四借阅区/ [索取号:H313-61/x12] | 在馆 |